000 00679cab a2200217 4500
001 ABS41787
008 090401t1989 xxu||||| |||| 00| 0 eng d
035 _a(Sirsi) u32449
041 _aeng
100 _aBaird, A.
245 _aVAT and sporting: some clarifications
260 _c1989
350 _a0
490 _aCountry Landowner
_v42(11) November 1989, 19(1)
520 _aSets out H M Customs and Excise guidance on the new rules concerning VAT on supplies of sporting rights and the position regarding shooting with friends and relatives.
650 _aFISHING RIGHTS
650 _aSHOOTING RIGHTS
690 _aTAXATION
942 _n0
948 _c04/03/1997
999 _c21737
_d21737